Giáo dục phòng chống tệ nạn ma túy qua 1 số môn học trong trường THPT

v.v...

Đã lưu trong:
Chi tiết thư mục
Tác giả chính: Hoàng Đức Nhuận
Định dạng: Sách
Năm xuất bản: H. Văn hóa thông tin 1998
Chủ đề:
Tags: Thêm thẻ
Không có thẻ, Hãy là người đầu tiên gắn thẻ bản ghi này!
LEADER 00705nam a2200169 4500
082 |a 362.293  |b H407Đ 
100 |a Hoàng Đức Nhuận 
245 |a Giáo dục phòng chống tệ nạn ma túy qua 1 số môn học trong trường THPT  |c Hoàng Đức Nhuận chủ biên, Nguyễn Hữu Dũng, Phạm Huy Thụ,... 
260 |a H.  |b Văn hóa thông tin  |c 1998 
300 |a 111 tr.  |c 19 cm. 
520 |a v.v... 
653 |a Ma túy 
653 |a Giáo dục 
653 |a Phòng chống 
942 |2 ddc  |c SH 
999 |c 8962  |d 8962 
952 |0 0  |1 0  |2 ddc  |4 0  |6 362_293000000000000_H407Đ  |7 0  |8 300  |9 73636  |a qbu  |b qbu  |c D2  |d 2015-05-04  |g 22000  |o 362.293 H407Đ  |p 8457.c1  |r 0000-00-00  |w 2015-05-04  |y SH  |0 0  |6 362_293000000000000_H407Đ